000 01235cam a22003614a 4500
001 12719187
003 OSt
005 20260409160541.0
008 020326s2002 nyu 000 0 eng
010 _a 2002025890
020 _a0446530247
020 _a9780446530248
035 _a12719187
040 _aDLC
_cDLC
_dDLC
042 _apcc
050 0 0 _aBS649.E63
_bL345 2002
082 0 0 _a231.7/45
_221
100 1 _aLaHaye, Tim,
_d1926-2016.
245 1 4 _aThe merciful God of prophecy :
_bhis loving plan for you in the end times /
_cTim LaHaye.
260 _aNew York :
_bWarner Books,
_c2002.
300 _axiv, 301 p. 24 cm.
336 _atext
_btxt
_2rdacontent
337 _aunmediated
_bn
_2rdamedia
338 _avolume
_bnc
_2rdacarrier
630 0 0 _aBible
_xProphecies
_xEnd of the world.
630 0 0 _aBible
_xProphecies.
650 0 _aEnd of the world
_xBiblical teaching.
650 0 _aGod
_xMercy
_xBiblical teaching.
906 _a7
_bcbc
_corignew
_d1
_eocip
_f20
_gy-gencatlg
942 _2lcc
_cBK
999 _c21594
_d21593